My life: (Record no. 140351)

MARC details
000 -LEADER
fixed length control field 00615nam a22001937a 4500
005 - DATE AND TIME OF LATEST TRANSACTION
control field 20170523160930.0
010 ## - LCCN (DPL NO)
LC control number ENG-118359
020 ## - INTERNATIONAL STANDARD BOOK NUMBER
Terms of availability 995.00
International Standard Book Number 9789351438700
035 ## - SYSTEM CONTROL NUMBER
System control number EN-101891
037 ## - SOURCE OF ACQUISITION
Source of stock number/acquisition DBAD/PUB
082 ## - DEWEY DECIMAL CLASSIFICATION NUMBER
Classification number 340.092
100 ## - MAIN ENTRY--PERSONAL NAME
Personal name Thakur D.D.
245 ## - TITLE STATEMENT
Title My life:
Statement of responsibility, etc by D.D.Thakur
Remainder of title year at the bar, bench and in Kashmir politics /
260 ## - PUBLICATION, DISTRIBUTION, ETC. (IMPRINT)
Place of publication, distribution, etc Gurgaon
Name of publisher, distributor, etc Lexis Nexis
Date of publication, distribution, etc 2017
270 ## - ADDRESS
Address 14th Floor Building N0-10,Tower-B,DLF Cyber City Phase-II
City Gurgaon (Haryana)
Postal code 122002
300 ## - PHYSICAL DESCRIPTION
Extent xvi,597p.
Dimensions 24cm(Hb)
500 ## - GENERAL NOTE
General note Includes index
942 ## - ADDED ENTRY ELEMENTS (KOHA)
Source of classification or shelving scheme Dewey Decimal Classification
Item type English Books
Classification part 340.092
Call number suffix THA
Holdings
Withdrawn status Lost status Not for loan Collection code Home library Current library Date acquired Source of acquisition Cost, normal purchase price Full call number Barcode Copy number Cost, replacement price Koha item type
      Non-fiction Ashok Vihar Ashok Vihar 23/05/2017 DBAD/PUB 995.00 340.092 THA EN-101891 1 995.00 English Books

© Delhi Public Library
Hit Counter
free hit counter